banner koha

Atividade alelopática dos lixiviados de Asemeia extraaxillaris (Polygalaceae) sobre o crescimento de Ipomoea cordifolia (Registro n. 300476)

MARC details
000 -LÍDER
fixed length control field 03454nab a2200373 i 4500
003 - CÓDIGO MARC DA AGÊNCIA CATALOGADORA
Campo de controle BR-BrBNA
005 - DATA E HORA DA ÚLTIMA ATUALIZAÇÃO
Campo de controle 20240711111155.0
008 - CAMPO DE TAMANHO FIXO
fixed length control field 240711b2016 bl.qr|pooa||| 00| 0 por |
040 ## - FONTE DA CATALOGAÇÃO
Agência catalogadora BR-BrBNA
Idioma da catalogação por
072 ## - CATEGORIA AGRIS
Código AGRIS F60
072 ## - CATEGORIA AGRIS
Código AGRIS P35
100 ## - ENTRADA PRINCIPAL - NOME PESSOAL
Nome pessoal Silva, C.B.
100 ## - ENTRADA PRINCIPAL - NOME PESSOAL
Nome pessoal Oliveira, M.
100 ## - ENTRADA PRINCIPAL - NOME PESSOAL
Nome pessoal Dias, J.F.
100 ## - ENTRADA PRINCIPAL - NOME PESSOAL
Nome pessoal Zanin, S.M.W.
100 ## - ENTRADA PRINCIPAL - NOME PESSOAL
Nome pessoal Santos, G.O.
100 ## - ENTRADA PRINCIPAL - NOME PESSOAL
Nome pessoal Cândido, A.C.S.
100 ## - ENTRADA PRINCIPAL - NOME PESSOAL
Nome pessoal Peres, M.T.L.P.
100 ## - ENTRADA PRINCIPAL - NOME PESSOAL
Nome pessoal Simionatto, E.
100 ## - ENTRADA PRINCIPAL - NOME PESSOAL
Nome pessoal Miguel, O.G.
100 ## - ENTRADA PRINCIPAL - NOME PESSOAL
Nome pessoal Miguel, M.D.
245 ## - TÍTULO PRINCIPAL
Título principal Atividade alelopática dos lixiviados de Asemeia extraaxillaris (Polygalaceae) sobre o crescimento de Ipomoea cordifolia
500 ## - NOTA GERAL
Nota geral Publicação on-line; 36 ref.; 2 tables; 3 illus.; Summaries (En, Pt)
942 ## - ADDED ENTRY ELEMENTS (KOHA)
Koha item type
520 ## - NOTA DE RESUMO
Nota de conteúdo <br/><br/>RESUMO: <br/><br/>O objetivo desse trabalho foi avaliar a atividade alelopática dos lixiviados das raízes e<br/>folhas secas de Asemeia extraaxillaris sobre o crescimento de corda de viola Ipomoea cordifolia<br/>em casa de vegetação, para avaliação dos efeitos sobre o estresse oxidativo. Nos bioensaios<br/>foram utilizadas três concentrações (0,25 - 5,00 e 10,00 g) e um controle, com quatro repetições<br/>de 10 plantas, cultivadas em solo durante 30 dias. Os lixiviados possuem ação alelopática e<br/>o maior efeito foi verificado para o pó das raizes. O efeito inibitório foi dose-dependente e o<br/>aumento do estresse oxidativo foi observado pelos níveis da catalase, peroxidase, superóxido<br/>dismutase, glutationa redutase, peroxidação lipídica e síntese de formazan. Concluiu-se que A.<br/>extraaxillaris possui substâncias capazes de afetar a emergência, o crescimento e o estresse<br/>oxidativo de I. cordifolia.<br/><br/>Palavras chave: estresse oxidativo, lixiviação, fitoherbicida, mentol-do-campo, corda-de-viola.
520 ## - NOTA DE RESUMO
Nota de conteúdo <br/><br/>ABSTRACT: <br/><br/>Allelopathic activity of leachates from Asemeia extraaxillaris (Polygalaceae)<br/>on the growth of Ipomoea cordifolia. The purpose of this article is to assess the allelopathic<br/>activity of leachates from the roots and dried leaves of Asemeia extraaxillaris on the germination<br/>and growth of corda de viola (Ipomoea cordifolia) in a greenhouse, and evaluate its effect on<br/>oxidative stress. For the bioassays, three concentrations (0.25, 5.00, and 10.00 g) and one<br/>control were used, with four replications of 10 plants, cultivated in soil for 30 days. The leachates<br/>exhibited allelopathic action, and the greatest effect was found in the root powder. The inhibitory<br/>effect was dose-dependent and the increase in oxidative stress was observed by the levels<br/>of catalase, peroxidase, superoxide dismutase, glutathione reductase, lipid peroxidation, and<br/>formazan synthesis. It was affirmed that A. extraaxillaris contains substances capable of affecting<br/>seedling emergence, growth, and oxidative stress in I. cordifolia.<br/><br/>Keywords: oxidative stress, leachates, phyto herbicide, mentol-do-campo, corda-de-viola.<br/>
650 ## - ASSUNTO - THESAGRO
Cabeçalho tópico ou nome geográfico OXIDAÇÃO
650 ## - ASSUNTO - THESAGRO
Cabeçalho tópico ou nome geográfico LIXIVIAÇÃO
650 ## - ASSUNTO - THESAGRO
Cabeçalho tópico ou nome geográfico HERBICIDA
650 ## - ASSUNTO - THESAGRO
Cabeçalho tópico ou nome geográfico CORDA DE VIOLA
773 0# - ENTRADA ANALÍTICA
Host Biblionumber 3543
Registro do item 316623
Imprenta Botucatu-SP Instituto de Biociências - Departamento de Química e Bioquímica 1998
Outro identificador 2024-3140
Título Revista Brasileira de Plantas Medicinais (Brazil)
ISSN 1516-0572
Colação v. 18 1(suppl. 1) p. 215-222; (2016)
Número de controle de registro BR2024001505
856 ## - ACESSO E ENDEREÇO ELETRÔNICO
Identificador uniforme de recurso - URI https://www.scielo.br/j/rbpm/a/r4MgbYLPYM7fNyH8hPNtRqb/?format=pdf&lang=pt

Nenhum exemplar disponível.

BINAGRI

Telefone: (61)3218-2567/2388/3357/2097 - binagri@agro.gov.br

Ministério da Agricultura e Pecuária , Esplanada dos Ministérios, Bloco D, Anexo B, Brasília/DF, CEP: 70.043-900